Stav rozpracovanosti problematiky indikátorov trvalo udržateľného rozvoja

V súvislosti so snahami o zmysluplné uplatnenie koncepcie trvalej udržateľnosti v každodennej praxi sa veľké úsilie venuje navrhovaniu a zavádzaniu indikátorov na monitorovanie, meranie a následne posudzovanie toho, či je vývoj toho-ktorého subjektu v súlade s princípmi a kritériami trvalo udržateľn...

Ausführliche Beschreibung

Gespeichert in:
Bibliographische Detailangaben
1. Verfasser: Huba, Mikuláš
Format: Buchkapitel
Sprache:Slowakisch
Schlagworte:
Tags: Tag hinzufügen
Keine Tags, Fügen Sie das erste Tag hinzu!

MARC

LEADER 00000naa a2200000 4500
001 r043399
005 20230929084437.7
041 0 |a slo 
044 |a SK 
245 1 0 |a Stav rozpracovanosti problematiky indikátorov trvalo udržateľného rozvoja  |c Mikuláš Huba 
520 |a V súvislosti so snahami o zmysluplné uplatnenie koncepcie trvalej udržateľnosti v každodennej praxi sa veľké úsilie venuje navrhovaniu a zavádzaniu indikátorov na monitorovanie, meranie a následne posudzovanie toho, či je vývoj toho-ktorého subjektu v súlade s princípmi a kritériami trvalo udržateľného rozvoja (TUR). Terminologický a definičný rámec problematiky. Kritériá výberu a funkcie indikátorov. Návrh environmentálnych indikátorov TUR pre slovenské mestá. 
610 2 0 |a rozvoj trvalo udržateľný 
610 2 0 |a ukazovatele 
610 2 0 |a environmentalistika 
610 2 0 |a mestá 
610 2 0 |a Slovensko 
100 1 |a Huba, Mikuláš